Why I am so wise / (Record no. 1944)
[ view plain ]
| 000 -LEADER | |
|---|---|
| fixed length control field | 01318cam a22003494a 4500 |
| 001 - CONTROL NUMBER | |
| control field | 13923104 |
| 003 - CONTROL NUMBER IDENTIFIER | |
| control field | OSt |
| 005 - DATE AND TIME OF LATEST TRANSACTION | |
| control field | 20140310181720.0 |
| 008 - FIXED-LENGTH DATA ELEMENTS--GENERAL INFORMATION | |
| fixed length control field | 050407s2005 nyu 000 0 eng |
| 010 ## - LIBRARY OF CONGRESS CONTROL NUMBER | |
| LC control number | 2005047449 |
| 020 ## - INTERNATIONAL STANDARD BOOK NUMBER | |
| International Standard Book Number | 0143036343 |
| 040 ## - CATALOGING SOURCE | |
| Original cataloging agency | DLC |
| Transcribing agency | DLC |
| Modifying agency | DLC |
| 041 1# - LANGUAGE CODE | |
| Language code of text/sound track or separate title | eng |
| Language code of original and/or intermediate translations of text | ger |
| 042 ## - AUTHENTICATION CODE | |
| Authentication code | pcc |
| 050 00 - LIBRARY OF CONGRESS CALL NUMBER | |
| Classification number | B 3313 |
| Item number | .N677 1979 |
| 082 00 - DEWEY DECIMAL CLASSIFICATION NUMBER | |
| Classification number | IB 109 |
| Item number | G79n 2005 |
| 100 1# - MAIN ENTRY--PERSONAL NAME | |
| Personal name | Nietzsche, Friedrich Wilhelm. |
| Dates associated with a name | 1844-1900. |
| 240 10 - UNIFORM TITLE | |
| Uniform title | <a href="Götzendämmerung.">Götzendämmerung.</a> |
| Language of a work | English |
| 245 10 - TITLE STATEMENT | |
| Title | Why I am so wise / |
| Statement of responsibility, etc | Translated by R.J. Hollingdale |
| 260 ## - PUBLICATION, DISTRIBUTION, ETC. (IMPRINT) | |
| Place of publication, distribution, etc | New York : |
| Name of publisher, distributor, etc | Penguin Books, |
| Date of publication, distribution, etc | 2005. |
| 300 ## - PHYSICAL DESCRIPTION | |
| Extent | 89 p. : |
| Dimensions | 18 cm. |
| 440 #0 - SERIES STATEMENT/ADDED ENTRY--TITLE | |
| Title | Great ideas |
| 650 #0 - SUBJECT ADDED ENTRY--TOPICAL TERM | |
| Topical term or geographic name as entry element | Philosophy. |
| 856 42 - ELECTRONIC LOCATION AND ACCESS | |
| Materials specified | Contributor biographical information |
| Uniform Resource Identifier | <a href="http://www.loc.gov/catdir/enhancements/fy1204/2005047449-b.html">http://www.loc.gov/catdir/enhancements/fy1204/2005047449-b.html</a> |
| 856 42 - ELECTRONIC LOCATION AND ACCESS | |
| Materials specified | Publisher description |
| Uniform Resource Identifier | <a href="http://www.loc.gov/catdir/enhancements/fy1204/2005047449-d.html">http://www.loc.gov/catdir/enhancements/fy1204/2005047449-d.html</a> |
| 856 41 - ELECTRONIC LOCATION AND ACCESS | |
| Materials specified | Sample text |
| Uniform Resource Identifier | <a href="http://www.loc.gov/catdir/enhancements/fy1204/2005047449-s.html">http://www.loc.gov/catdir/enhancements/fy1204/2005047449-s.html</a> |
| 856 41 - ELECTRONIC LOCATION AND ACCESS | |
| Materials specified | Table of contents only |
| Uniform Resource Identifier | <a href="http://www.loc.gov/catdir/enhancements/fy1204/2005047449-t.html">http://www.loc.gov/catdir/enhancements/fy1204/2005047449-t.html</a> |
| 906 ## - LOCAL DATA ELEMENT F, LDF (RLIN) | |
| a | 7 |
| b | cbc |
| c | orignew |
| d | 1 |
| e | ocip |
| f | 20 |
| g | y-gencatlg |
| 942 ## - ADDED ENTRY ELEMENTS (KOHA) | |
| Source of classification or shelving scheme | Library of Congress Classification |
| Koha item type | Books |
| Withdrawn status | Lost status | Source of classification or shelving scheme | Damaged status | Home library | Current library | Shelving location | Date acquired | Total Checkouts | Full call number | Barcode | Date last seen | Copy number | Price effective from | Koha item type |
|---|---|---|---|---|---|---|---|---|---|---|---|---|---|---|
| Library of Congress Classification | Luxembourg Library | Luxembourg Library | International Baccalaureate Section | 06/18/2013 | B 3313 .N677 1979 | 15749 | 08/13/2013 | 1 | 03/06/2013 | Books |